[Event "L. Polugaevsky Memorial 2012"]
[Site "Samara"]
[Date "2012.07.12"]
[Round "8.32"]
[White "Bykova, Anastasia"]
[Black "Yandarbiev, Ruslan"]
[Result "0-1"]
[WhiteElo "2005"]
[BlackElo "2375"]
[PlyCount "62"]
[EventDate "2012.07.05"]

1. d4 Nf6 2. Nf3 g6 3. Bf4 Bg7 4. e3 O-O 5. h3 c5 6. c3 d6 7. Nbd2 b6 8. Be2
Bb7 9. a4 Nc6 10. O-O Qc7 11. Nc4 Rad8 12. Qb3 Ba6 13. Nxd6 Bxe2 14. Nxf7 Qd7
15. Nxd8+ c4 16. Qc2 Bxf1 17. Rxf1 Rxd8 18. e4 Nh5 19. Bh2 Rf8 20. b4 Rxf3 21.
gxf3 Qxh3 22. Qe2 Bh6 23. Qxc4+ Kg7 24. Re1 Bd2 25. Rd1 Bf4 26. Bxf4 Nxf4 27.
Qf1 Qxf3 28. b5 Na5 29. Kh2 Nc4 30. e5 e6 31. d5 Nxe5 0-1

[Event "L. Polugaevsky Memorial 2012"]
[Site "Samara"]
[Date "2012.07.12"]
[Round "8.33"]
[White "Liberman, Evgeny"]
[Black "Elistratov, Semen"]
[Result "1/2-1/2"]
[WhiteElo "2213"]
[BlackElo "1985"]
[PlyCount "114"]
[EventDate "2012.07.05"]

1. e4 c5 2. Nf3 d6 3. c3 Nf6 4. Be2 Bd7 5. d3 Bc6 6. Nbd2 g6 7. O-O Bg7 8. Re1
O-O 9. Nf1 Nbd7 10. h3 b5 11. Qc2 Rc8 12. Ng3 Bb7 13. Be3 a6 14. Nd2 d5 15. f4
d4 16. Bf2 e5 17. fxe5 Nxe5 18. c4 b4 19. a3 a5 20. axb4 axb4 21. Ra7 Qb6 22.
Rea1 h5 23. Ngf1 Nfd7 24. Nh2 Bh6 25. Nhf3 Rce8 26. Nxe5 Nxe5 27. Nb3 Nc6 28.
R7a4 Ra8 29. Rxa8 Rxa8 30. Rxa8+ Bxa8 31. Bg3 Be3+ 32. Kh2 Na5 33. Nd2 f5 34.
exf5 gxf5 35. Bf3 f4 36. Bh4 Bxf3 37. Nxf3 b3 38. Qe2 Qe6 39. Qd1 Qd6 40. Qa1
Qc7 41. Qa4 Nc6 42. Qa8+ Kg7 43. Qe8 Bc1 44. Qxh5 Qf7 45. Qg4+ Qg6 46. Qd7+ Kh8
47. Qc8+ Kg7 48. Qd7+ Kg8 49. Qc8+ Kg7 50. Ng5 f3 51. Ne6+ Kf7 52. Qd7+ Kg8 53.
g4 Ne5 54. Qd5 Qf7 55. Qxe5 f2 56. Bxf2 Qxf2+ 57. Kh1 Qf1+ 1/2-1/2

[Event "L. Polugaevsky Memorial 2012"]
[Site "Samara"]
[Date "2012.07.12"]
[Round "8.34"]
[White "Semenova, Alena"]
[Black "Kobylsky, Evgeny"]
[Result "1-0"]
[WhiteElo "1957"]
[BlackElo "2091"]
[PlyCount "63"]
[EventDate "2012.07.05"]

1. e4 e5 2. Nf3 Nc6 3. Bb5 a6 4. Bxc6 dxc6 5. Nc3 Bd6 6. d4 exd4 7. Qxd4 f6 8.
Be3 Ne7 9. O-O-O c5 10. Qd2 Be6 11. Bf4 Bxf4 12. Qxf4 Qc8 13. Nd5 Bxd5 14. exd5
O-O 15. Qc4 Rf7 16. Qxc5 Nf5 17. Rhe1 Nd6 18. Re6 Qd7 19. Rde1 Rd8 20. b3 Nf5
21. g4 b6 22. Qc4 Nd6 23. Qe2 Qc8 24. Nd4 Rdf8 25. Nc6 Qa8 26. Qd3 a5 27. R1e3
g6 28. Ne7+ Kg7 29. Rh3 a4 30. Rxh7+ Kxh7 31. Qxg6+ Kh8 32. Re3 1-0

[Event "L. Polugaevsky Memorial 2012"]
[Site "Samara"]
[Date "2012.07.12"]
[Round "8.36"]
[White "Sazonova, Anastasia"]
[Black "Sorochan, Dmitry"]
[Result "1-0"]
[WhiteElo "1939"]
[BlackElo "2068"]
[PlyCount "123"]
[EventDate "2012.07.05"]

1. e4 e6 2. d3 d5 3. Qe2 Nf6 4. Nf3 c5 5. g3 Be7 6. Bg2 O-O 7. O-O Nc6 8. e5
Nd7 9. c4 Nb6 10. h4 f6 11. exf6 Bxf6 12. Nc3 Nd4 13. Nxd4 cxd4 14. Nb5 a6 15.
Na3 Bd7 16. b3 Re8 17. Rb1 Bc6 18. f4 e5 19. fxe5 Rxe5 20. Qg4 dxc4 21. Bxc6
bxc6 22. Nxc4 Nxc4 23. bxc4 Qe7 24. Bd2 Re8 25. Rbe1 Qa3 26. Rxe5 Bxe5 27. Qd7
Qe7 28. Qxe7 Rxe7 29. Bb4 Re8 30. Re1 Kf7 31. Kg2 Ke6 32. Bc5 Rd8 33. Rb1 Bf6
34. Rb6 Kf5 35. Rxc6 Re8 36. Rd6 Re2+ 37. Kh3 Rxa2 38. Bxd4 Bxd4 39. Rxd4 a5
40. Rd7 Kf6 41. c5 a4 42. Ra7 Rd2 43. Rxa4 Rxd3 44. Ra6+ Kf5 45. Ra7 Kf6 46.
Rc7 h5 47. c6 Rc3 48. Rc8 g6 49. Kg2 Kg7 50. Kf2 Kh7 51. Rc7+ Kh6 52. Kg2 Rc2+
53. Kf3 Rc3+ 54. Kf4 Rc1 55. Ke5 Rc3 56. Kd6 Rd3+ 57. Ke7 Rb3 58. Rd7 g5 59.
Rd6+ Kg7 60. hxg5 Ra3 61. c7 Ra8 62. Kd7 1-0

[Event "L. Polugaevsky Memorial 2012"]
[Site "Samara"]
[Date "2012.07.12"]
[Round "8.37"]
[White "Chekletsov, Ilya"]
[Black "Vdovin, Maxim"]
[Result "0-1"]
[WhiteElo "2021"]
[BlackElo "1752"]
[PlyCount "64"]
[EventDate "2012.07.05"]

1. d4 Nf6 2. c4 g6 3. Nc3 Bg7 4. e4 d6 5. h3 O-O 6. Nf3 Nbd7 7. Be3 e5 8. d5 a6
9. g4 Rb8 10. Nd2 a5 11. Be2 Nc5 12. h4 c6 13. h5 cxd5 14. cxd5 b5 15. g5 Ne8
16. Nxb5 Ba6 17. a4 Nc7 18. f3 Nxb5 19. axb5 Bxb5 20. hxg6 fxg6 21. Bxb5 Rxb5
22. Qe2 Rb7 23. Qh2 Bh8 24. Ke2 Qd7 25. Nc4 Qb5 26. Rac1 Nb3 27. Rc3 Rc8 28.
Kd3 Rxc4 29. Rxc4 Rc7 30. Qc2 a4 31. Bb6 Rc8 32. Qc3 Nd2 0-1

[Event "L. Polugaevsky Memorial 2012"]
[Site "Samara"]
[Date "2012.07.12"]
[Round "8.39"]
[White "Idrisova, Roza"]
[Black "Alieva, Alexandra"]
[Result "1/2-1/2"]
[WhiteElo "2101"]
[BlackElo "1975"]
[PlyCount "100"]
[EventDate "2012.07.05"]

1. d4 d5 2. c4 e6 3. Nc3 Nf6 4. Bg5 Be7 5. e3 c6 6. Nf3 O-O 7. Qc2 Nbd7 8. Rd1
Re8 9. a3 Nb6 10. c5 Nbd7 11. b4 Bf8 12. Bd3 h6 13. Bf4 Ng4 14. O-O e5 15. dxe5
Ndxe5 16. Nxe5 Nxe5 17. Be2 Qf6 18. Rd4 Bf5 19. Qd2 Qg6 20. Bg3 Nd7 21. Bd3
Bxd3 22. Qxd3 Qxd3 23. Rxd3 Ne5 24. Bxe5 Rxe5 25. Ne2 a5 26. Rb1 axb4 27. axb4
Ree8 28. g3 g6 29. Rd2 Bg7 30. Kg2 Re4 31. Nd4 Bxd4 32. exd4 Kf8 33. f3 Re3 34.
b5 Re6 35. Kf2 Ra4 36. bxc6 bxc6 37. Re1 Ke7 38. Re3 Kd7 39. h4 h5 40. Rxe6
Kxe6 41. Ke3 Kf5 42. Rb2 Ra8 43. Rb6 Re8+ 44. Kf2 Re6 45. Rb7 f6 46. Rh7 Re8
47. Rc7 Re6 48. Rh7 Re8 49. Rc7 Re6 50. Rh7 Re8 1/2-1/2

[Event "L. Polugaevsky Memorial 2012"]
[Site "Samara"]
[Date "2012.07.12"]
[Round "8.40"]
[White "Velichko, Arseny"]
[Black "Popelyshev, Igor V"]
[Result "0-1"]
[WhiteElo "1914"]
[BlackElo "2095"]
[PlyCount "80"]
[EventDate "2012.07.05"]

1. d4 Nf6 2. c4 g6 3. Nc3 Bg7 4. Nf3 O-O 5. Bg5 d6 6. e3 h6 7. Bh4 c5 8. Be2
Qb6 9. Qd2 g5 10. Bg3 Bf5 11. O-O Nbd7 12. h3 Ne4 13. Nxe4 Bxe4 14. Rfd1 Nf6
15. a3 a5 16. Ne1 Bg6 17. Bd3 cxd4 18. exd4 Qxd4 19. Bxg6 Qxd2 20. Bxf7+ Rxf7
21. Rxd2 Ne4 22. Re2 Nxg3 23. fxg3 Rc8 24. Rc1 Bd4+ 25. Kh2 Rf1 26. Nd3 Rxc1
27. Nxc1 Rxc4 28. Nb3 Be5 29. Nxa5 Rd4 30. Re3 h5 31. Kg1 Rd2 32. Kf1 Rxb2 33.
Nc4 Rb1+ 34. Ke2 Bf6 35. a4 Rb4 36. Na5 Kf7 37. h4 gxh4 38. gxh4 b6 39. Nc6
Rxa4 40. Nd8+ Ke8 0-1

[Event "L. Polugaevsky Memorial 2012"]
[Site "Samara"]
[Date "2012.07.12"]
[Round "8.41"]
[White "Litvinov, Maxim"]
[Black "Strunin, Anton"]
[Result "1-0"]
[WhiteElo "1947"]
[BlackElo "1889"]
[PlyCount "109"]
[EventDate "2012.07.05"]

1. e4 e6 2. d4 d5 3. Nc3 Nf6 4. e5 Nfd7 5. Nf3 c5 6. dxc5 Bxc5 7. Bd3 Nc6 8.
Bf4 Qb6 9. O-O h6 10. Qd2 Nd4 11. Nxd4 Bxd4 12. Rfe1 a6 13. Nd1 Nc5 14. c3 Nxd3
15. Qxd3 Bc5 16. Be3 Bd7 17. Bxc5 Qxc5 18. a4 O-O 19. Ne3 Rad8 20. Ng4 Bc6 21.
Red1 b5 22. b4 Qc4 23. Qg3 Kh7 24. Rd4 Qb3 25. Qd3+ Kh8 26. Qh3 Kh7 27. Rf4 Qb2
28. Qd3+ Kh8 29. Re1 Qa2 30. Rf1 Rd7 31. Rf6 g6 32. Qe3 h5 33. Qh6+ Kg8 34. Rf4
hxg4 35. Rxg4 Qc2 36. Rh4 f6 37. Qh8+ Kf7 38. Qxf6+ Ke8 39. Qxe6+ Kd8 40. Qxc6
bxa4 41. e6 Rg7 42. Qd6+ Ke8 43. Qb8+ Ke7 44. Qc7+ Kf6 45. Rf4+ Kg5 46. h4+ Kh6
47. e7 Re8 48. Rf8 Rgxe7 49. Qf4+ Kg7 50. Qf6+ Kh6 51. g4 Qe4 52. Rh8+ Rh7 53.
g5+ Kh5 54. Rxh7+ Kg4 55. f3+ 1-0

[Event "L. Polugaevsky Memorial 2012"]
[Site "Samara"]
[Date "2012.07.12"]
[Round "8.42"]
[White "Bobrov, Vitaly"]
[Black "Shur, Tatiana"]
[Result "1-0"]
[WhiteElo "1925"]
[BlackElo "1794"]
[PlyCount "69"]
[EventDate "2012.07.05"]

1. e4 c5 2. Nf3 g6 3. c3 Bg7 4. d4 cxd4 5. cxd4 d5 6. e5 Nc6 7. Nc3 Bg4 8. Be2
e6 9. h3 Bxf3 10. Bxf3 f6 11. Bg4 Qe7 12. f4 fxe5 13. fxe5 h5 14. O-O hxg4 15.
Qxg4 O-O-O 16. Bg5 Nh6 17. Bxe7 Nxg4 18. Bxd8 Kxd8 19. hxg4 Bh6 20. g3 Nxd4 21.
Rf7 Kc8 22. Rf6 Bg7 23. Rxg6 Bxe5 24. Kg2 Kd7 25. Re1 Kd6 26. Rg5 Bf6 27. Rg6
Be5 28. Rf1 Rh7 29. Rf8 a6 30. g5 Nf5 31. Rxf5 d4 32. Ne4+ Kd5 33. Nf6+ Kc4 34.
Rxe5 d3 35. Re4+ 1-0

[Event "L. Polugaevsky Memorial 2012"]
[Site "Samara"]
[Date "2012.07.12"]
[Round "8.44"]
[White "Kalashnikova, Elena"]
[Black "Gusev, Boris A"]
[Result "0-1"]
[WhiteElo "1706"]
[BlackElo "1956"]
[PlyCount "26"]
[EventDate "2012.07.05"]

1. e4 e5 2. Nf3 Nc6 3. Bb5 a6 4. Bxc6 dxc6 5. O-O Bg4 6. h3 Bh5 7. g4 Bg6 8.
Nxe5 Bc5 9. d3 Qd6 10. Nxg6 Qg3+ 11. Kh1 Qxh3+ 12. Kg1 hxg6 13. Bf4 Qh1# 0-1

[Event "L. Polugaevsky Memorial 2012"]
[Site "Samara"]
[Date "2012.07.12"]
[Round "8.46"]
[White "Orekhov, Vladislav"]
[Black "Bogolepov, Grigory"]
[Result "1-0"]
[WhiteElo "1792"]
[BlackElo "1614"]
[PlyCount "61"]
[EventDate "2012.07.05"]

1. Nf3 d5 2. d4 Nf6 3. g3 c6 4. Bg2 Bf5 5. O-O Nbd7 6. b3 e6 7. Bb2 Bd6 8. c4
O-O 9. Nbd2 Qe7 10. Re1 Ne4 11. Nh4 Ndf6 12. Nxf5 exf5 13. a3 a5 14. Nf3 f4 15.
cxd5 fxg3 16. hxg3 Nxg3 17. Ne5 Nf5 18. dxc6 Bxe5 19. dxe5 Ng4 20. e4 Qh4 21.
Qf3 Ne7 22. cxb7 Ra6 23. Qg3 Qh5 24. Bf3 Rg6 25. e6 Nc6 26. e7 Re8 27. Rad1 Qb5
28. Bxg4 h5 29. Rd5 Qxb7 30. Rxh5 Qxe7 31. Qh3 1-0

[Event "L. Polugaevsky Memorial 2012"]
[Site "Samara"]
[Date "2012.07.12"]
[Round "8.47"]
[White "Chekletsov, Egor"]
[Black "Kiryushova, Dariya"]
[Result "1/2-1/2"]
[WhiteElo "1917"]
[BlackElo "1617"]
[PlyCount "81"]
[EventDate "2012.07.05"]

1. d4 d5 2. Nf3 Nf6 3. Bg5 e6 4. c3 Be7 5. Nbd2 h6 6. Bf4 Nbd7 7. e3 O-O 8. Bd3
c5 9. h3 c4 10. Bc2 b5 11. g4 Bb7 12. Ne5 Ne4 13. Nxd7 Qxd7 14. Nxe4 dxe4 15.
Rg1 Qd8 16. Qe2 Bg5 17. O-O-O Bd5 18. Bg3 Bh4 19. Bf4 Bg5 20. Bxg5 Qxg5 21. Rh1
a5 22. h4 Qg6 23. Rdg1 b4 24. f4 exf3 25. Qf2 Qf6 26. g5 Qe7 27. gxh6 g6 28. h5
bxc3 29. hxg6 cxb2+ 30. Kb1 fxg6 31. Rxg6+ Kh8 32. Rg7 Rf7 33. Rhg1 c3 34. Rxf7
Qxf7 35. Rg7 Qf6 36. Rh7+ Kg8 37. Qg3+ Kf8 38. Qd6+ Kg8 39. Qb6 Kf8 40. Qd6+
Kg8 41. Qg3+ 1/2-1/2

[Event "L. Polugaevsky Memorial 2012"]
[Site "Samara"]
[Date "2012.07.12"]
[Round "8.48"]
[White "Alieva, Viktoria"]
[Black "Jurkina, Yulia"]
[Result "0-1"]
[WhiteElo "1443"]
[BlackElo "1999"]
[PlyCount "76"]
[EventDate "2012.07.05"]

1. e4 e5 2. Nf3 Nf6 3. Nc3 Nc6 4. d4 exd4 5. Nxd4 d6 6. Be3 Be7 7. Bb5 Bd7 8.
Nf5 O-O 9. O-O Bxf5 10. exf5 a6 11. Bxc6 bxc6 12. Qf3 d5 13. Rad1 Rb8 14. b3
Qd7 15. Kh1 Rfe8 16. g4 Bb4 17. Bd4 Bxc3 18. Bxc3 Ne4 19. Ba1 Qe7 20. Rfe1 Qb4
21. c3 Qc5 22. Kg2 f6 23. c4 Rbd8 24. Rc1 Qa5 25. Re2 Rd7 26. Rce1 Red8 27. Qe3
Qc5 28. Bd4 Qb4 29. f3 dxc4 30. Qxe4 Rxd4 31. Qxc6 h6 32. Re8+ Kh7 33. Qxc7
Rxe8 34. Rxe8 Qd2+ 35. Kg3 Qc1 36. Qf7 Qf4+ 37. Kg2 Rd2+ 38. Kf1 Qxf3+ 0-1

[Event "L. Polugaevsky Memorial 2012"]
[Site "Samara"]
[Date "2012.07.12"]
[Round "8.49"]
[White "Loginov, Ilya"]
[Black "Rumyantsev, Nikolay"]
[Result "0-1"]
[WhiteElo "1740"]
[BlackElo "1742"]
[PlyCount "44"]
[EventDate "2012.07.05"]

1. e4 d5 2. exd5 c6 3. dxc6 Nxc6 4. Nf3 e5 5. Bb5 Bg4 6. h3 Bh5 7. Bxc6+ bxc6
8. g4 Bg6 9. Nxe5 Qc7 10. O-O f6 11. Nc4 O-O-O 12. d3 h5 13. Qf3 Bf7 14. Bf4
Qd7 15. Bh2 hxg4 16. Qg3 Kb7 17. hxg4 Nh6 18. Ne3 Be6 19. g5 Ng4 20. Nxg4 Bxg4
21. f3 Bc5+ 22. Kh1 Be6 0-1

[Event "L. Polugaevsky Memorial 2012"]
[Site "Samara"]
[Date "2012.07.13"]
[Round "9.1"]
[White "Kabanov, Nikolai"]
[Black "Kovalenko, Igor"]
[Result "1/2-1/2"]
[WhiteElo "2496"]
[BlackElo "2556"]
[PlyCount "145"]
[EventDate "2012.??.??"]

1. e4 Nf6 2. e5 Nd5 3. d4 d6 4. Nf3 Bg4 5. Be2 e6 6. O-O Be7 7. h3 Bh5 8. c4
Nb6 9. Nc3 O-O 10. Be3 d5 11. cxd5 exd5 12. Ne1 Bxe2 13. Qxe2 Nc6 14. Nd3 Qd7
15. b3 Rae8 16. Rad1 Bb4 17. Nxb4 Nxb4 18. Bc1 a5 19. a4 Nc8 20. Ba3 Na7 21.
Qd2 f6 22. f4 Nac6 23. Na2 Qe7 24. Rc1 Rb8 25. Rfe1 fxe5 26. dxe5 Rbd8 27. Nxb4
axb4 28. Bb2 Na5 29. Qc2 Rxf4 30. Qxc7 Qxc7 31. Rxc7 Rf7 32. Rc5 Nxb3 33. Rb5
Nd2 34. Rxb4 Ne4 35. Ba3 Re8 36. Reb1 Nd2 37. Re1 Nc4 38. Bb2 Rc7 39. e6 b6 40.
Bd4 Rc6 41. e7 Kf7 42. Rb5 Re6 43. Rf1+ Kxe7 44. Rxd5 Ra8 45. Rh5 Rh6 46. Rhf5
Rxa4 47. Rf7+ Ke6 48. Rxg7 Kd5 49. Rf6 Rxf6 50. Bxf6 h5 51. Rh7 Ke6 52. Bc3 Ra3
53. Bd4 Rd3 54. Bxb6 Nxb6 55. Rh6+ Kf5 56. Rxb6 h4 57. Rb5+ Kg6 58. Re5 Ra3 59.
Kf2 Rb3 60. Re3 Rb5 61. Re4 Kh5 62. Kf3 Rb3+ 63. Kf4 Rg3 64. Re8 Kh6 65. Re2
Kg6 66. Ra2 Kh6 67. Rb2 Kg6 68. Rf2 Kf6 69. Ke4+ Kg6 70. Ke5 Re3+ 71. Kf4 Rg3
72. Ra2 Kf6 73. Rb2 1/2-1/2

[Event "L. Polugaevsky Memorial 2012"]
[Site "Samara"]
[Date "2012.07.13"]
[Round "9.2"]
[White "Predke, Alexandr"]
[Black "Goganov, Aleksey"]
[Result "1/2-1/2"]
[WhiteElo "2464"]
[BlackElo "2509"]
[PlyCount "222"]
[EventDate "2012.??.??"]

1. e4 e5 2. Nf3 Nc6 3. Bb5 Nf6 4. d3 Bc5 5. Bxc6 dxc6 6. O-O Nd7 7. Nbd2 O-O 8.
Nc4 Re8 9. Re1 f6 10. Nh4 Nf8 11. Qf3 Ne6 12. Qg3 Bf8 13. Nf5 Kh8 14. b3 c5 15.
Bb2 Nd4 16. Nxd4 cxd4 17. f4 b5 18. Nd2 Bb4 19. Re2 exf4 20. Qxf4 Bd7 21. Nf3
Bd6 22. e5 c5 23. b4 Bc6 24. exd6 Rxe2 25. bxc5 Qd7 26. Bxd4 Rae8 27. Rc1 Qe6
28. Bf2 Qd5 29. Qg3 Bd7 30. a3 a5 31. h3 Rc8 32. Nd4 Rxf2 33. Qxf2 Qxc5 34. Nb3
Qxd6 35. Nxa5 Qxa3 36. Nb3 Be6 37. Ra1 Qb2 38. Re1 Bxb3 39. cxb3 Qxb3 40. Qf5
Qc3 41. Rb1 Qc5+ 42. Qxc5 Rxc5 43. d4 Rd5 44. Rc1 Kg8 45. Rc8+ Kf7 46. Rc7+ Kg6
47. Rb7 Kf5 48. Rxg7 h5 49. Re7 Rxd4 50. Kf2 b4 51. Ke3 Rc4 52. Rb7 Rc3+ 53.
Kd2 Rg3 54. Rb5+ Kg6 55. Rxb4 Rxg2+ 56. Ke3 Rg3+ 57. Kf4 Rxh3 58. Rb5 Ra3 59.
Rb8 Ra4+ 60. Kg3 Kg5 61. Rg8+ Kf5 62. Rb8 Re4 63. Ra8 Re1 64. Ra5+ Kg6 65. Ra8
Re4 66. Rb8 Rg4+ 67. Kh3 f5 68. Rg8+ Kf6 69. Rh8 Kg5 70. Rg8+ Kf4 71. Rh8 Kg5
72. Rg8+ Kf4 73. Rh8 h4 74. Ra8 Rg1 75. Ra4+ Kg5 76. Ra8 Rg3+ 77. Kh2 f4 78.
Rg8+ Kf5 79. Rf8+ Kg4 80. Rg8+ Kf3 81. Rh8 Rg2+ 82. Kh3 Rg3+ 83. Kh2 Rg2+ 84.
Kh3 Rg1 85. Kh2 Ra1 86. Rxh4 Ra2+ 87. Kh3 Ra1 88. Kh2 Ra8 89. Kh3 Rd8 90. Rh7
Re8 91. Rh6 Rf8 92. Rh7 Re8 93. Rh6 Kf2 94. Ra6 Re3+ 95. Kh2 f3 96. Ra1 Re1 97.
Ra2+ Re2 98. Ra1 Re3 99. Rb1 Re1 100. Rb2+ Ke3 101. Rb3+ Kf4 102. Rb4+ Re4 103.
Rb8 Re1 104. Rb4+ Ke3 105. Rb3+ Kf2 106. Rb2+ Re2 107. Rb1 Rd2 108. Ra1 Rd3
109. Rb1 Rd8 110. Rb2+ Ke3 111. Rb3+ Rd3 1/2-1/2

[Event "L. Polugaevsky Memorial 2012"]
[Site "Samara"]
[Date "2012.07.13"]
[Round "9.5"]
[White "Khismatullin, Denis"]
[Black "Vokarev, Sergey"]
[Result "1-0"]
[WhiteElo "2664"]
[BlackElo "2437"]
[PlyCount "92"]
[EventDate "2012.??.??"]

1. Nf3 Nf6 2. c4 g6 3. Nc3 Bg7 4. e4 c5 5. d4 cxd4 6. Nxd4 Nc6 7. Be3 d6 8. Be2
O-O 9. O-O Nxd4 10. Bxd4 Bd7 11. Qd3 a5 12. Rad1 Bc6 13. Rfe1 Nd7 14. Bxg7 Kxg7
15. Bg4 Nf6 16. Bh3 Qb6 17. Re2 a4 18. Nd5 Bxd5 19. cxd5 Ra5 20. Rc2 Rb5 21.
Qd4 g5 22. Bf5 Qxd4 23. Rxd4 Ra8 24. Kf1 Ra6 25. Ke1 h5 26. h3 h4 27. Kd1 Rc5
28. Rb4 Nxd5 29. Rxb7 Rxc2 30. Kxc2 Rc6+ 31. Kd2 Rb6 32. Rxb6 Nxb6 33. Kc3 e6
34. Bg4 Kf6 35. Kb4 Ke5 36. Kb5 Nd7 37. Kxa4 Kxe4 38. Kb5 f5 39. Be2 d5 40. a4
d4 41. a5 Nb8 42. Kc4 Ke5 43. b4 Nc6 44. Kc5 Nxb4 45. Kxb4 Kd6 46. Kb5 Kd5 1-0

[Event "L. Polugaevsky Memorial 2012"]
[Site "Samara"]
[Date "2012.07.13"]
[Round "9.6"]
[White "Nakhapetiane, Pogos"]
[Black "Smirnov, Pavel"]
[Result "1/2-1/2"]
[WhiteElo "2497"]
[BlackElo "2592"]
[PlyCount "72"]
[EventDate "2012.??.??"]

1. e4 e5 2. Nf3 Nc6 3. Bc4 Bc5 4. d3 Nf6 5. O-O d6 6. c3 a6 7. Nbd2 O-O 8. Bb3
Be6 9. Re1 Re8 10. Nf1 d5 11. Bg5 dxe4 12. dxe4 Qe7 13. Ne3 Bxe3 14. Rxe3 Rad8
15. Rd3 Bxb3 16. axb3 h6 17. Bxf6 Qxf6 18. b4 Qe6 19. Rd5 f5 20. Rxd8 Rxd8 21.
Qe2 fxe4 22. Nd2 e3 23. Qxe3 Qd5 24. Ne4 Qd1+ 25. Qe1 Qc2 26. Qb1 Qxb1+ 27.
Rxb1 a5 28. bxa5 Nxa5 29. Kf1 Kf7 30. Ke2 Nc4 31. b3 Nd6 32. Rd1 Ke6 33. Nc5+
Kf6 34. Ne4+ Ke6 35. Nc5+ Kf6 36. Ne4+ Ke6 1/2-1/2

[Event "L. Polugaevsky Memorial 2012"]
[Site "Samara"]
[Date "2012.07.13"]
[Round "9.7"]
[White "Kopylov, Alexander A"]
[Black "Yemelin, Vasily"]
[Result "1/2-1/2"]
[WhiteElo "2446"]
[BlackElo "2577"]
[PlyCount "103"]
[EventDate "2012.??.??"]

1. d4 Nf6 2. c4 e6 3. g3 Bb4+ 4. Bd2 Be7 5. Bg2 d5 6. Nf3 c6 7. Qc2 b6 8. cxd5
cxd5 9. O-O Bb7 10. Rc1 Nc6 11. Nc3 O-O 12. Bf4 Rc8 13. a3 h6 14. b4 Ne4 15.
Nxe4 Nxb4 16. Qa4 dxe4 17. axb4 Rxc1+ 18. Rxc1 exf3 19. Qxa7 fxe2 20. Qxb7 Bxb4
21. Qe4 e1=Q+ 22. Rxe1 Bxe1 23. Qxe1 Qxd4 24. Qb1 g5 25. Be3 Qd6 26. h4 gxh4
27. gxh4 Kg7 28. Bxb6 Rb8 29. Qa1+ Kh7 30. Be3 Qe7 31. Bf4 Rb4 32. Bg3 Rg4 33.
Qe5 Kg8 34. Qe3 Kg7 35. Kh2 Rxh4+ 36. Bxh4 Qxh4+ 37. Bh3 Qg5 38. Qd4+ Kg6 39.
Qe4+ Kg7 40. Qf3 Kf8 41. Qc3 Kg8 42. Qd4 Kf8 43. Bg2 Kg8 44. Kg1 Qc1+ 45. Kh2
Qg5 46. Bc6 Kf8 47. Kh3 Kg8 48. f4 Qh5+ 49. Kg3 Qg6+ 50. Kf3 e5 51. Qd7 exf4
52. Kxf4 1/2-1/2

[Event "L. Polugaevsky Memorial 2012"]
[Site "Samara"]
[Date "2012.07.13"]
[Round "9.9"]
[White "Fedoseev, Vladimir"]
[Black "Bocharov, Dmitry"]
[Result "1-0"]
[WhiteElo "2506"]
[BlackElo "2600"]
[PlyCount "73"]
[EventDate "2012.??.??"]

1. c4 e5 2. g3 Nf6 3. Bg2 Nc6 4. Nc3 Bc5 5. e3 O-O 6. Nge2 a6 7. O-O d6 8. h3
Ba7 9. d3 Ne7 10. e4 c6 11. d4 b5 12. cxb5 axb5 13. a3 Ba6 14. b4 Ng6 15. Be3
exd4 16. Nxd4 Ne5 17. Qe2 Bb7 18. Rfd1 Nc4 19. Bf4 Re8 20. a4 d5 21. Nf5 Qc8
22. axb5 cxb5 23. Nxb5 Bb8 24. Bxb8 Qxb8 25. Nc3 Rxa1 26. Rxa1 Qe5 27. Ra7 Qxc3
28. Rxb7 d4 29. Bf1 Ne5 30. Nd6 Rd8 31. Qa2 Rf8 32. Nxf7 Nxf7 33. e5 Qc6 34.
Rxf7 Rxf7 35. Bc4 d3 36. exf6 Qxf6 37. Qa8+ 1-0

[Event "L. Polugaevsky Memorial 2012"]
[Site "Samara"]
[Date "2012.07.13"]
[Round "9.10"]
[White "Iskusnyh, Sergei"]
[Black "Maletin, Pavel"]
[Result "1/2-1/2"]
[WhiteElo "2478"]
[BlackElo "2596"]
[PlyCount "127"]
[EventDate "2012.??.??"]

1. d4 g6 2. Nf3 Bg7 3. g3 c5 4. Bg2 cxd4 5. Nxd4 Nc6 6. Nxc6 bxc6 7. O-O Rb8 8.
c4 c5 9. Nc3 Nf6 10. Qa4 a6 11. Be3 Rb4 12. Qc2 d6 13. b3 Bb7 14. f3 Bc6 15.
Rad1 Qa8 16. Bd2 O-O 17. e4 e6 18. Be3 Ne8 19. Rd3 f5 20. Rfd1 Be5 21. exf5
gxf5 22. f4 Bxc3 23. Bxc6 Qxc6 24. Qxc3 Rb7 25. Bc1 h6 26. Bb2 Kh7 27. Re3 Re7
28. Qe1 Qc8 29. Rd2 Rg8 30. Rde2 Rg6 31. Ba1 h5 32. Rd3 Kg8 33. Qd1 Rh7 34.
Red2 h4 35. Rg2 Qc6 36. Qe2 Kf7 37. Re3 Rhh6 38. Bc3 Rg4 39. Be1 hxg3 40. Rexg3
Nf6 41. Rxg4 Nxg4 42. Bc3 Rh4 43. Qd3 Rh6 44. h3 Nf6 45. Bxf6 Rxf6 46. Qg3
Qxg2+ 47. Kxg2 Rg6 48. Qg5 Rxg5+ 49. fxg5 Kg6 50. h4 f4 51. Kf3 Kf5 52. Ke2 d5
53. cxd5 exd5 54. Kf3 a5 55. g6 Kxg6 56. Kxf4 Kh5 57. Ke5 d4 58. Ke4 Kxh4 59.
a3 Kg3 60. b4 axb4 61. axb4 cxb4 62. Kxd4 Kf3 63. Kc4 Ke4 64. Kxb4 1/2-1/2

[Event "L. Polugaevsky Memorial 2012"]
[Site "Samara"]
[Date "2012.07.13"]
[Round "9.11"]
[White "Smirnov, Alexey"]
[Black "Dvoirys, Semen I"]
[Result "1-0"]
[WhiteElo "2414"]
[BlackElo "2580"]
[PlyCount "93"]
[EventDate "2012.??.??"]

1. d4 Nf6 2. c4 e6 3. Nf3 b6 4. g3 Ba6 5. Qa4 Bb7 6. Bg2 Be7 7. O-O O-O 8. Nc3
c5 9. dxc5 bxc5 10. Rd1 Qb6 11. Bf4 Nc6 12. Qb5 Qxb5 13. cxb5 Na5 14. Bc7 Nc4
15. Ne5 Rac8 16. Bxb7 Rxc7 17. Nxc4 Rxb7 18. e4 Nxe4 19. Nxe4 d5 20. Na5 Rxb5
21. Nc6 Bf6 22. Nxf6+ gxf6 23. Rdc1 c4 24. b3 cxb3 25. axb3 Rxb3 26. Rxa7 Rb6
27. Rd7 Ra6 28. Ne7+ Kg7 29. Rcc7 Raa8 30. Nc6 Kg6 31. Kg2 Kg7 32. h3 Kg6 33.
Re7 Ra4 34. Red7 Raa8 35. g4 h5 36. gxh5+ Kxh5 37. Rxf7 Rxf7 38. Rxf7 Kg6 39.
Re7 e5 40. Ra7 Rxa7 41. Nxa7 d4 42. Nb5 Kg5 43. Kg3 d3 44. Nd6 f5 45. h4+ Kg6
46. Nc4 e4 47. Kf4 1-0

[Event "L. Polugaevsky Memorial 2012"]
[Site "Samara"]
[Date "2012.07.13"]
[Round "9.12"]
[White "Natacheev, Peter"]
[Black "Frolyanov, Dmitry"]
[Result "0-1"]
[WhiteElo "2242"]
[BlackElo "2564"]
[PlyCount "72"]
[EventDate "2012.??.??"]

1. e4 c5 2. Nf3 d6 3. d4 cxd4 4. Nxd4 Nf6 5. Nc3 e6 6. Be3 Be7 7. Be2 O-O 8.
O-O Nc6 9. f4 Bd7 10. Qd2 a6 11. a4 Rc8 12. Rad1 Qc7 13. Nb3 Rfd8 14. Bf3 b6
15. Qf2 Rb8 16. Kh1 Nb4 17. Rd4 Nc6 18. Rd2 Na5 19. Nxa5 bxa5 20. Rfd1 Rxb2 21.
e5 Ne8 22. Bd4 Rb4 23. Ne4 d5 24. Ng5 h6 25. Nxf7 Kxf7 26. f5 Kg8 27. c3 Rbb8
28. Rf1 exf5 29. Bxd5+ Kh8 30. Qf3 Bxa4 31. c4 Bb3 32. Rc1 Rxd5 33. Qxd5 Bg5
34. Rdd1 Rd8 35. Qc5 Qxc5 36. Bxc5 Rxd1+ 0-1

[Event "L. Polugaevsky Memorial 2012"]
[Site "Samara"]
[Date "2012.07.13"]
[Round "9.14"]
[White "Mokshanov, Alexey"]
[Black "Tukhaev, Adam"]
[Result "0-1"]
[WhiteElo "2413"]
[BlackElo "2546"]
[PlyCount "82"]
[EventDate "2012.??.??"]

1. e4 d6 2. d4 g6 3. Nf3 Bg7 4. Bc4 e6 5. O-O a6 6. a4 b6 7. b3 Bb7 8. Re1 Nf6
9. Nbd2 O-O 10. Bb2 d5 11. Bd3 dxe4 12. Nxe4 Nxe4 13. Bxe4 Bxe4 14. Rxe4 c5 15.
Qe2 Nd7 16. Rd1 Qc7 17. Qc4 Rfc8 18. Re2 Qb7 19. Qd3 b5 20. axb5 axb5 21. c4
bxc4 22. bxc4 Ra2 23. Ba1 Ra4 24. Ree1 Qa6 25. Nd2 Ra3 26. Qe4 cxd4 27. Bxd4
Nc5 28. Bxc5 Rxc5 29. Nb1 Rxc4 30. Rd8+ Bf8 31. Qe5 Qa5 32. Qxa5 Rxa5 33. Nd2
Rc2 34. Ne4 Kg7 35. h4 Re5 36. Rd7 Bc5 37. Kf1 Bb4 38. Re3 Rd5 39. Rd3 Rc1+ 40.
Ke2 Re1+ 41. Kf3 Rf5+ 0-1

[Event "L. Polugaevsky Memorial 2012"]
[Site "Samara"]
[Date "2012.07.13"]
[Round "9.15"]
[White "Shaposhnikov, Evgeny"]
[Black "Nugumanov, Bakhtiyar"]
[Result "1-0"]
[WhiteElo "2545"]
[BlackElo "2279"]
[PlyCount "75"]
[EventDate "2012.??.??"]

1. e4 e5 2. Nf3 Nc6 3. Bc4 d6 4. d4 Bg4 5. h3 Bxf3 6. Qxf3 Qf6 7. Qb3 O-O-O 8.
d5 Na5 9. Qa4 Nxc4 10. Qxc4 Kb8 11. Nc3 Ne7 12. Be3 Nc8 13. a4 Qe7 14. Ra3 Qd7
15. a5 Be7 16. Rb3 h6 17. Qb4 c5 18. dxc6 Qxc6 19. Nd5 a6 20. Rc3 Qb5 21. Qxb5
axb5 22. Rc7 Rde8 23. Ke2 Rhf8 24. Ra1 Bd8 25. Rd7 Ne7 26. Rxd8+ Rxd8 27. Nxe7
Rd7 28. Nd5 f5 29. Ra3 fxe4 30. Rb3 Rdd8 31. Rxb5 Kc8 32. c4 Rf7 33. Nc3 Rfd7
34. Rd5 Re8 35. Bb6 e3 36. Bxe3 e4 37. Nb5 Re6 38. Bf4 1-0